Reglamento provisional del Cuerpo de Bomberos Voluntarios de Barcelona : año 1962 año 1962
Descripción Física:
27p. ; 16'5 cm
MARC
| LEADER | 00000nam a2200000Ia 4500 | ||
|---|---|---|---|
| 001 | 11223 | ||
| 003 | BGR | ||
| 005 | 20260324180153.0 | ||
| 008 | 160829s1962 xx 000 0 cat d | ||
| 080 | |a FU-3-10 | ||
| 110 | 1 | |a Barcelona (Catalunya : Província). |b Diputació |4 Cos Provincial de Bombers Voluntaris |9 52408 | |
| 245 | |a Reglamento provisional del Cuerpo de Bomberos Voluntarios de Barcelona : |b año 1962 | ||
| 260 | |a Barcelona : |b (Imp. Casa Caridad), |c 1962 | ||
| 300 | |a 27p. ; |c 16'5 cm | ||
| 590 | |a Abans del títol : Diputación Provincial de Barcelona. | ||
| 590 | |a Hi ha un duplicat, DUP-186-60, que prové de 2896, exp. 7 | ||
| 650 | |a Barcelona. Diputació. Cos Províncial de Bombers Voluntaris |x Reglaments i procediment |9 40000 | ||
| 901 | |a Arxiu | ||
| 942 | |n 1 |2 udc |c MON | ||
| 952 | |0 0 |1 0 |4 0 |6 FU310 |7 1 |9 54545 |a Arxiu |b Arxiu |d 2016-12-01 |l 0 |o FU-3-10 |p 11223 |r 2016-12-01 00:00:00 |w 2016-12-01 |y ARXIU | ||
| 999 | |c 58414 |d 58414 | ||